<?xml version="1.0" encoding="UTF-8"?>
<record
    xmlns:xsi="http://www.w3.org/2001/XMLSchema-instance"
    xsi:schemaLocation="http://www.loc.gov/MARC21/slim http://www.loc.gov/standards/marcxml/schema/MARC21slim.xsd"
    xmlns="http://www.loc.gov/MARC21/slim">

  <leader>01106cam a22002891i 4500</leader>
  <controlfield tag="003">SA-RiAUC</controlfield>
  <controlfield tag="005">20250709053021.0</controlfield>
  <controlfield tag="008">250708s2009____mr     g     i000 0 ara c</controlfield>
  <datafield tag="020" ind1=" " ind2=" ">
    <subfield code="a">9789953684154</subfield>
  </datafield>
  <datafield tag="040" ind1=" " ind2=" ">
    <subfield code="a">SA-RiKAPL</subfield>
    <subfield code="b">ara</subfield>
    <subfield code="c">SA-RiAUC</subfield>
    <subfield code="e">rda</subfield>
  </datafield>
  <datafield tag="050" ind1=" " ind2="4">
    <subfield code="b">.S24 2009</subfield>
  </datafield>
  <datafield tag="082" ind1="0" ind2="4">
    <subfield code="a">219.3</subfield>
    <subfield code="q">SA-RiAUC</subfield>
  </datafield>
  <datafield tag="090" ind1=" " ind2=" ">
    <subfield code="a">219.3  </subfield>
    <subfield code="b">   &#x635; &#x641; &#x627;</subfield>
  </datafield>
  <datafield tag="100" ind1="1" ind2=" ">
    <subfield code="a">&#x627;&#x644;&#x635;&#x641;&#x627;&#x631;&#x60C; &#x62D;&#x633;&#x646; &#x645;&#x648;&#x633;&#x649;&#x60C;</subfield>
    <subfield code="d">1377 &#x647;&#x62C;&#x631;&#x64A;-</subfield>
    <subfield code="e">&#x645;&#x624;&#x644;&#x641;.</subfield>
  </datafield>
  <datafield tag="245" ind1="1" ind2="2">
    <subfield code="a">&#x627;&#x644;&#x637;&#x627;&#x626;&#x641;&#x64A;&#x629; &#x628;&#x64A;&#x646; &#x627;&#x644;&#x633;&#x64A;&#x627;&#x633;&#x629; &#x648;&#x627;&#x644;&#x62F;&#x64A;&#x646; /</subfield>
    <subfield code="c">&#x62D;&#x633;&#x646; &#x628;&#x646; &#x645;&#x648;&#x633;&#x649; &#x627;&#x644;&#x635;&#x641;&#x627;&#x631;.</subfield>
  </datafield>
  <datafield tag="250" ind1=" " ind2=" ">
    <subfield code="a">&#x627;&#x644;&#x637;&#x628;&#x639;&#x629; &#x627;&#x644;&#x623;&#x648;&#x644;&#x649;.</subfield>
  </datafield>
  <datafield tag="264" ind1=" " ind2="1">
    <subfield code="a">&#x627;&#x644;&#x62F;&#x627;&#x631; &#x627;&#x644;&#x628;&#x64A;&#x636;&#x627;&#x621;&#x60C; &#x627;&#x644;&#x645;&#x63A;&#x631;&#x628; :</subfield>
    <subfield code="b">&#x627;&#x644;&#x645;&#x631;&#x643;&#x632; &#x627;&#x644;&#x62B;&#x642;&#x627;&#x641;&#x64A; &#x627;&#x644;&#x639;&#x631;&#x628;&#x64A;&#x60C;</subfield>
    <subfield code="c">2009</subfield>
  </datafield>
  <datafield tag="300" ind1=" " ind2=" ">
    <subfield code="a">191 &#x635;&#x641;&#x62D;&#x629; &#x61B;</subfield>
    <subfield code="c">22 &#x633;&#x645;</subfield>
  </datafield>
  <datafield tag="336" ind1=" " ind2=" ">
    <subfield code="a">&#x646;&#x635;</subfield>
    <subfield code="b">txt</subfield>
    <subfield code="2">rdacontent</subfield>
    <subfield code="3">&#x643;&#x62A;&#x627;&#x628;</subfield>
  </datafield>
  <datafield tag="337" ind1=" " ind2=" ">
    <subfield code="a">&#x628;&#x62F;&#x648;&#x646; &#x648;&#x633;&#x64A;&#x637;</subfield>
    <subfield code="b">n</subfield>
    <subfield code="2">rdamedia</subfield>
  </datafield>
  <datafield tag="338" ind1=" " ind2=" ">
    <subfield code="a">&#x645;&#x62C;&#x644;&#x62F;</subfield>
    <subfield code="b">nc</subfield>
    <subfield code="2">rdacarrier</subfield>
  </datafield>
  <datafield tag="650" ind1=" " ind2="7">
    <subfield code="a">&#x627;&#x644;&#x625;&#x633;&#x644;&#x627;&#x645; &#x648;&#x627;&#x644;&#x625;&#x635;&#x644;&#x627;&#x62D; &#x627;&#x644;&#x633;&#x64A;&#x627;&#x633;&#x64A;</subfield>
    <subfield code="2">aucsh</subfield>
  </datafield>
  <datafield tag="650" ind1=" " ind2="7">
    <subfield code="a">&#x627;&#x644;&#x635;&#x631;&#x627;&#x639; &#x627;&#x644;&#x637;&#x627;&#x626;&#x641;&#x64A;</subfield>
    <subfield code="2">aucsh</subfield>
  </datafield>
  <datafield tag="650" ind1=" " ind2="7">
    <subfield code="a">&#x627;&#x644;&#x648;&#x62D;&#x62F;&#x629; &#x627;&#x644;&#x625;&#x633;&#x644;&#x627;&#x645;&#x64A;&#x629;</subfield>
    <subfield code="2">aucsh</subfield>
  </datafield>
  <datafield tag="942" ind1=" " ind2=" ">
    <subfield code="2">ddc</subfield>
    <subfield code="c">BOOK</subfield>
    <subfield code="n">0</subfield>
  </datafield>
  <datafield tag="949" ind1=" " ind2=" ">
    <subfield code="a">SA-JeALM</subfield>
    <subfield code="d">250708</subfield>
    <subfield code="u">mohamedma123</subfield>
    <subfield code="n">1</subfield>
  </datafield>
  <datafield tag="952" ind1=" " ind2=" ">
    <subfield code="0">0</subfield>
    <subfield code="1">0</subfield>
    <subfield code="2">ddc</subfield>
    <subfield code="4">0</subfield>
    <subfield code="7">0</subfield>
    <subfield code="a">WAHAB</subfield>
    <subfield code="b">WAHAB</subfield>
    <subfield code="d">2025-07-09</subfield>
    <subfield code="l">0</subfield>
    <subfield code="o">219.3  &#x635; &#x641; &#x627;</subfield>
    <subfield code="p">000015652</subfield>
    <subfield code="r">2025-07-09 05:30:53</subfield>
    <subfield code="w">2025-07-09</subfield>
    <subfield code="y">BOOK</subfield>
  </datafield>
  <datafield tag="999" ind1=" " ind2=" ">
    <subfield code="c">9613</subfield>
    <subfield code="d">9613</subfield>
  </datafield>
</record>
